Создание персональной образовательной среды преподавателя вуза: учебное пособие

Detalles Bibliográficos
Autor Principal: Стародубцев В. А. Вячеслав Алексеевич
Autor Corporativo: Национальный исследовательский Томский политехнический университет (ТПУ)
Summary:Заглавие с титульного экрана
Пособие содержит обзор дидактических характеристик современного программного обеспечения, свободно распространяемого в Интернете, которое преподаватель может использовать для конструирования своей персональной обучающей среды. Особенностью среды является её облачная структура, обеспечивающая свободу выбора сервисов и её развитие в зависимости от появляющихся профессиональных потребностей. Предназначено для слушателей курсов повышения квалификации, преподавателей вузов, учителей средней школы, студентов педагогических вузов и направлено на развитие их информационно-коммуникационной компетенции.
Режим доступа: из корпоративной сети ТПУ
Idioma:ruso
Publicado: Томск, Изд-во ТПУ, 2012
Subjects:
Acceso en liña:http://www.lib.tpu.ru/fulltext2/m/2012/m467.pdf
Formato: MixedMaterials Electrónico Libro
KOHA link:https://koha.lib.tpu.ru/cgi-bin/koha/opac-detail.pl?biblionumber=228870

MARC

LEADER 00000nlm0a2200000 4500
001 228870
005 20231101230913.0
035 |a (RuTPU)RU\TPU\book\249398 
090 |a 228870 
100 |a 20121224d2012 m y0rusy50 ca 
101 0 |a rus 
102 |a RU 
105 |a a j 001zy 
135 |a drcn ---uucaa 
181 0 |a i  
182 0 |a b 
200 1 |a Создание персональной образовательной среды преподавателя вуза  |b Электронный ресурс  |e учебное пособие  |f В. А. Стародубцев  |g Национальный исследовательский Томский политехнический университет (ТПУ) 
203 |a Текст  |c электронный 
210 |a Томск  |c Изд-во ТПУ  |d 2012 
230 |a 1 компьютерный файл (pdf; 4.4 MB) 
300 |a Заглавие с титульного экрана 
330 |a Пособие содержит обзор дидактических характеристик современного программного обеспечения, свободно распространяемого в Интернете, которое преподаватель может использовать для конструирования своей персональной обучающей среды. Особенностью среды является её облачная структура, обеспечивающая свободу выбора сервисов и её развитие в зависимости от появляющихся профессиональных потребностей. Предназначено для слушателей курсов повышения квалификации, преподавателей вузов, учителей средней школы, студентов педагогических вузов и направлено на развитие их информационно-коммуникационной компетенции. 
333 |a Режим доступа: из корпоративной сети ТПУ 
337 |a Adobe Reader 
606 1 |a Преподаватели  |x Высшие учебные заведения  |2 stltpush  |3 (RuTPU)RU\TPU\subj\68870  |9 83969 
610 1 |a электронный ресурс 
610 1 |a труды учёных ТПУ 
610 1 |a учебные пособия 
610 1 |a образовательная среда 
610 1 |a программное обеспечение 
610 1 |a электронные конспекты 
610 1 |a вебинары 
610 1 |a видеоматериалы 
610 1 |a форумы 
610 1 |a блоги 
610 1 |a тестирование 
686 |a Ч481.42я73  |v LBC/SL-A  |2 rubbk 
700 1 |a Стародубцев  |b В. А.  |c физик  |c профессор Томского политехнического университета, доктор педагогических наук  |f 1943-  |g Вячеслав Алексеевич  |2 stltpush  |3 (RuTPU)RU\TPU\pers\26939 
712 0 2 |a Национальный исследовательский Томский политехнический университет (ТПУ)  |c (2009- )  |2 stltpush  |3 (RuTPU)RU\TPU\col\15902 
801 1 |a RU  |b 63413507  |c 20121224 
801 2 |a RU  |b 63413507  |c 20160930  |g RCR 
856 4 |u http://www.lib.tpu.ru/fulltext2/m/2012/m467.pdf 
900 |a Современные технологии преподавания общенаучных, общепрофессиональных и специальных дисциплин 
942 |c CF